Central Library OPAC University of Rajshahi

Introduction to economics / (Record no. 42532)

MARC details
000 -LEADER
fixed length control field 00760nam a2200253 a 4500
001 - CONTROL NUMBER
control field 42532
003 - CONTROL NUMBER IDENTIFIER
rucl marc code BD-RjUL
005 - DATE AND TIME OF LATEST TRANSACTION
control field 20211209053544.0
008 - FIXED-LENGTH DATA ELEMENTS--GENERAL INFORMATION
fixed length control field 160613s1981 nyua b 001 0 eng
020 ## - INTERNATIONAL STANDARD BOOK NUMBER
International Standard Book Number 0442238940 (pbk.)
035 ## - SYSTEM CONTROL NUMBER
System control number (BD-RjUL)42650
040 ## - CATALOGING SOURCE
Original cataloging agency DLC
Transcribing agency DLC
Modifying agency DLC
Language of cataloging eng
041 ## - LANGUAGE CODE
Language code of text/sound track or separate title eng
082 00 - DEWEY DECIMAL CLASSIFICATION NUMBER
Classification number 330
Edition number 19
Author mark and year LOI 1981
100 1# - MAIN ENTRY--PERSONAL NAME
Personal name Long, Kenneth E.
9 (RLIN) 130806
245 10 - TITLE STATEMENT
Title Introduction to economics /
Statement of responsibility, etc. Kenneth E. Long ; foreword by Jeff R. Clark.
260 ## - PUBLICATION, DISTRIBUTION, ETC. (IMPRINT)
Place of publication, distribution, etc. New York :
Name of publisher, distributor, etc. Van Nostrand,
Date of publication, distribution, etc. 1981.
300 ## - PHYSICAL DESCRIPTION
Pagination xxi, 505 p. :
Illustrations ill. ;
Size 23 cm.
504 ## - BIBLIOGRAPHY, ETC. NOTE
Bibliography, etc Includes bibliographical references and index.
650 #0 - SUBJECT ADDED ENTRY--TOPICAL TERM
Topical term or geographic name as entry element Economics.
9 (RLIN) 130807
700 ## - ADDED ENTRY--PERSONAL NAME
Personal name Clark, Jeff R. .foreword by
942 ## - ADDED ENTRY ELEMENTS (KOHA)
Source of classification or shelving scheme Dewey Decimal Classification
Koha item type Books
Holdings
Lost status Source of classification or shelving scheme Damaged status Not for loan Collection code Permanent Location Current Location Shelving location Date acquired Total Checkouts Full call number Date last seen Copy number Koha item type
  Dewey Decimal Classification     Non-fiction Central Library, University of Rajshahi Central Library, University of Rajshahi   27/10/1992   330 LOI 1981 13/06/2016 C-2 Books